=LDR 00000nam 2200000 4500 =001 INLIS000000000044134 =005 20131008104924 =008 ***********************************Ind** =035 ##$$0010-101300000002056 =041 ##$$a Ind =082 ##$$a 636 =090 ##$$a 636, Suh t =100 ##$$a Suharno, Bambang =245 ##$$a Ternak komersial, Bambang Suharno =260 ##$$a 1994 $b Jakarta =300 ##$$a xi, 194 hlm, ilus, 21 cm =650 ##$$a Peternak aspek ekonomi =850 ##$$a NBPNMAT =990 ##$$a 12561256 =990 ##$$a 00053613